| 000 | 01028nam a22002777a 4500 | ||
|---|---|---|---|
| 005 | 20110721115933.0 | ||
| 008 | 110721t xxu||||| |||| 00| 0 eng d | ||
| 010 | _aENG-103084 | ||
| 020 |
_a9780071331739 _c350.00 |
||
| 020 |
_a0071331735 _c350.00 |
||
| 035 | _aEN-86617 | ||
| 037 | _bDBAD/PUB | ||
| 040 |
_aDPL _bEng |
||
| 082 | _a378.1940941 | ||
| 100 |
_929762 _aEley, Andrian |
||
| 245 |
_aHow to be an effective supervisor : _cby Andrian Eley [and] Rowena Murray _bbest practice in research student supervision / |
||
| 260 |
_aNew Delhi _bTata McGraw Hill _c2011 |
||
| 270 |
_a7, West Petel Nagar _bNew Delhi _e110008 |
||
| 300 |
_axvi,225p. _c23cm (pbk) |
||
| 500 | _aIncludes bibliographical references and index | ||
| 610 | _929771 | ||
| 650 | _929772 | ||
| 700 |
_929763 _aMurray, Rowena |
||
| 942 |
_2ddc _cEN _mELE _h378.1940941 |
||
| 999 |
_c54157 _d54157 |
||